[Event "RUS-ch Blitz Men 2018"]
[Site "Sochi"]
[Date "2018.10.07"]
[Round "20"]
[White "Derjabin, Ilja"]
[Black "Timofeev, Artyom"]
[Result "0-1"]
[WhiteElo "2345"]
[BlackElo "2580"]
[Annotator "ChessBase"]
[PlyCount "73"]
[EventDate "2018.10.07"]
[EventType "swiss"]
[EventCountry "RUS"]
[SourceTitle "playchess.com"]
[Source "ChessBase"]
[SourceQuality "1"]

1. d4 d5 2. c4 dxc4 3. Nc3 a6 4. e4 b5 5. Nf3 Bb7 6. e5 e6 7. a4 Bb4 8. Be2 Ne7 9. O-O Nd5 10. Ne4 h6 11. b3 Nb6 12. Nc5 Bd5 13. axb5 axb5 14. Rxa8 Bxa8 15. bxc4 bxc4 16. Bd2 Bxd2 17. Qxd2 O-O 18. Ra1 Nc6 19. Qf4 Ne7 20. h4 Bxf3 21. Bxf3 Ng6 22. Qe3 Nxh4 23. Be4 Nd5 24. Qc1 c3 25. Ra4 c6 26. g3 Nf5 27. Bxd5 Qxd5 28. Qxc3 Rb8 29. Qa1 Kh7 30. Nd3 Rb3 31. Ne1 Qe4 32. d5 Qxd5 33. Nc2 Nxg3 34. fxg3 Rxg3+ 35. Kf2 Rf3+ 36. Kg1 Qd2 37. Rg4 0-1

[Event "RUS-ch Blitz Men 2018"]
[Site "Sochi"]
[Date "2018.10.07"]
[Round "20"]
[White "Papenin, Nikolai"]
[Black "Kryakvin, Dmitry"]
[Result "1/2-1/2"]
[WhiteElo "2337"]
[BlackElo "2595"]
[Annotator "ChessBase"]
[PlyCount "65"]
[EventDate "2018.10.07"]
[EventType "swiss"]
[EventCountry "RUS"]
[SourceTitle "playchess.com"]
[Source "ChessBase"]
[SourceQuality "1"]

1. d4 d5 2. c4 c6 3. Nf3 Nf6 4. Nc3 dxc4 5. a4 a5 6. e4 Bg4 7. Bxc4 e6 8. e5 Nd5 9. Nxd5 cxd5 10. Bb5+ Nc6 11. O-O Bb4 12. h3 Bh5 13. Be3 O-O 14. Rc1 Rc8 15. g4 Bg6 16. Ne1 Bxe1 17. Rxe1 Nb4 18. Qd2 Qh4 19. Kh2 Nc2 20. Bg5 Nxe1 21. Rxe1 Rc2 22. Qxc2 Qxg5 23. Qc1 f6 24. Qxg5 fxg5 25. Kg3 Be4 26. Re3 Rf4 27. Rc3 Bb1 28. Rc8+ Kf7 29. Rc7+ Kf8 30. Rc8+ Kf7 31. Rc7+ Kf8 32. Rc8+ Kf7 33. Rc7+ 1/2-1/2

[Event "RUS-ch Blitz Men 2018"]
[Site "Sochi"]
[Date "2018.10.07"]
[Round "20"]
[White "Remizov, Yaroslav"]
[Black "Murzin, Volodar"]
[Result "1-0"]
[WhiteElo "2315"]
[BlackElo "2340"]
[Annotator "NA"]
[PlyCount "123"]
[EventDate "2018.10.07"]
[EventType "swiss"]
[EventCountry "RUS"]
[SourceTitle "playchess.com"]
[Source "ChessBase"]
[SourceQuality "1"]

1. e4 c5 2. Nf3 d6 3. d4 cxd4 4. Nxd4 Nf6 5. Nc3 a6 6. Be3 e5 7. Nb3 Be7 8. f3 Be6 9. g4 Nbd7 10. Qd2 O-O 11. O-O-O b5 12. g5 Nh5 13. Nd5 Bxd5 14. exd5 f6 15. h4 f5 16. Na5 g6 17. Nc6 Qe8 18. Kb1 Nb8 19. Na5 Bd8 20. c4 Ng3 21. Rh2 f4 22. Bf2 e4 23. Bd4 e3 24. Qc2 Bxa5 25. h5 Nd7 26. hxg6 Qxg6 27. Bd3 Nf5 28. Rh6 Nxd4 29. Rxg6+ hxg6 30. Qh2 Ne5 31. Rh1 Kf7 32. Qh7+ Ke8 33. Bxg6+ Kd8 34. Qg7 Nxg6 35. Qxg6 e2 36. Qxd6+ Ke8 37. Qe5+ Kd8 38. Qd6+ Ke8 39. Qe5+ Kd8 40. Qxd4 e1=Q+ 41. Rxe1 Bxe1 42. Qb6+ Kd7 43. Qc6+ Ke7 44. Qe6+ Kd8 45. Qd6+ Ke8 46. Qe6+ Kd8 47. Qxe1 bxc4 48. Qa5+ Kd7 49. Qa4+ Kd6 50. Qc6+ Ke5 51. Qe6+ Kd4 52. g6 Rfe8 53. Qf6+ Kxd5 54. Qf5+ Kc6 55. Qxf4 c3 56. Qc4+ Kd6 57. Qxc3 Rac8 58. Qd4+ Kc6 59. a3 Kb7 60. g7 Kb8 61. f4 Rc7 62. f5 1-0

[Event "RUS-ch Blitz Men 2018"]
[Site "Sochi"]
[Date "2018.10.07"]
[Round "20"]
[White "Stambulian, Arsen"]
[Black "Oganian, Miran"]
[Result "0-1"]
[WhiteElo "2310"]
[BlackElo "2435"]
[Annotator "NA"]
[PlyCount "132"]
[EventDate "2018.10.07"]
[EventType "swiss"]
[EventCountry "RUS"]
[SourceTitle "playchess.com"]
[Source "ChessBase"]
[SourceQuality "1"]

1. e4 c5 2. Nf3 g6 3. d4 cxd4 4. Nxd4 Bg7 5. Nc3 Nc6 6. Be3 Nf6 7. Bc4 O-O 8. O-O Nxe4 9. Nxe4 d5 10. Nxc6 bxc6 11. Bd3 dxe4 12. Bxe4 Qc7 13. c3 Be6 14. Qe2 Bd5 15. Bc2 Rab8 16. Bd3 Qb7 17. c4 Be6 18. Rab1 a5 19. b3 a4 20. b4 a3 21. b5 cxb5 22. Rxb5 Qc6 23. Rfb1 Rbd8 24. Rc5 Qa4 25. Bc2 Qa6 26. Bb3 h5 27. Re1 Rb8 28. Rb5 Rbc8 29. c5 Bxb3 30. Rxb3 Qxe2 31. Rxe2 Bb2 32. g3 Rfd8 33. Kg2 Rd1 34. Rb4 Ra1 35. Bd4 Rxa2 36. Bxb2 Rxb2 37. Rexb2 axb2 38. Rxb2 Rxc5 39. h4 Kg7 40. Rb7 e6 41. Kf3 Kf6 42. Ke3 Rc3+ 43. Ke2 Ra3 44. Rc7 e5 45. Rb7 Ke6 46. Rb6+ Kf5 47. Rb4 f6 48. Rb6 Ra2+ 49. Ke3 Ra3+ 50. Ke2 Ra4 51. Kf3 Ra3+ 52. Ke2 Rc3 53. Ra6 e4 54. Ra5+ Ke6 55. Ra6+ Ke5 56. Ra5+ Kd6 57. Ra6+ Rc6 58. Ra8 Ke5 59. Ra5+ Kd4 60. Ra4+ Rc4 61. Ra2 f5 62. Ra6 Rc2+ 63. Ke1 e3 64. Ra4+ Ke5 65. f4+ Kd5 66. Ra6 Ke4 0-1

[Event "RUS-ch Blitz Men 2018"]
[Site "Sochi"]
[Date "2018.10.07"]
[Round "20"]
[White "Chizhikov, Vladislav"]
[Black "Demchenko, Anton"]
[Result "1/2-1/2"]
[WhiteElo "2304"]
[BlackElo "2679"]
[Annotator "TA"]
[PlyCount "114"]
[EventDate "2018.10.07"]
[EventType "swiss"]
[EventCountry "RUS"]
[SourceTitle "playchess.com"]
[Source "ChessBase"]
[SourceQuality "1"]

1. e4 c5 2. Nf3 d6 3. c3 Nf6 4. h3 g6 5. Bd3 Bg7 6. Bc2 O-O 7. O-O Nc6 8. d4 cxd4 9. cxd4 Nb4 10. Bb3 d5 11. e5 Ne4 12. a3 Nc6 13. Nbd2 Bf5 14. Re1 Rc8 15. Nf1 Na5 16. Ba2 b5 17. Nh4 e6 18. Nxf5 exf5 19. f3 Ng5 20. Qd2 Rxc1 21. Raxc1 Ne6 22. Rc2 f4 23. Rec1 Nc4 24. Bxc4 bxc4 25. b3 cxb3 26. Rb2 Qb6 27. Rd1 Rb8 28. Kh2 Bf8 29. Rdb1 Nxd4 30. Qxf4 Bxa3 31. Rd2 Ne6 32. Qa4 Bf8 33. Rxd5 b2 34. Ng3 Nc5 35. Qc4 a5 36. Rd2 Qc7 37. f4 Rb4 38. Qf1 Qb8 39. Qf2 a4 40. Rdxb2 Nb3 41. Qf3 Nd2 42. Rxd2 Rxb1 43. Ne4 a3 44. Nf6+ Kg7 45. Nd7 Qb4 46. Rc2 Rb3 47. Qf2 Rb2 48. f5 Rxc2 49. f6+ Kg8 50. Qxc2 Qf4+ 51. Kh1 Qf5 52. Qc8 Qf1+ 53. Kh2 Qf4+ 54. Kh1 Qf1+ 55. Kh2 Qf4+ 56. Kh1 Qf1+ 57. Kh2 Qf4+ 1/2-1/2

[Event "RUS-ch Blitz Men 2018"]
[Site "Sochi"]
[Date "2018.10.07"]
[Round "20"]
[White "Miroshnichenko, Pavel"]
[Black "Sadovsky, Artem"]
[Result "0-1"]
[WhiteElo "2302"]
[BlackElo "2408"]
[Annotator "NA"]
[PlyCount "128"]
[EventDate "2018.10.07"]
[EventType "swiss"]
[EventCountry "RUS"]
[SourceTitle "playchess.com"]
[Source "ChessBase"]
[SourceQuality "1"]

1. e4 g6 2. d4 Bg7 3. Nf3 d6 4. h3 e5 5. Nc3 exd4 6. Nxd4 Nf6 7. Bc4 O-O 8. O-O Nbd7 9. Re1 Re8 10. Nf3 Ne5 11. Bb3 Be6 12. Nd4 Bxb3 13. axb3 Ned7 14. Bg5 h6 15. Bh4 Nc5 16. Qf3 g5 17. Bg3 Nfxe4 18. Nf5 Nxc3 19. Nxg7 Kxg7 20. Qxc3+ Qf6 21. Qxf6+ Kxf6 22. Rxe8 Rxe8 23. Rxa7 Re2 24. b4 Ne6 25. c3 Rxb2 26. Rxb7 Rc2 27. b5 Rxc3 28. b6 cxb6 29. Rxb6 d5 30. Rd6 Rc1+ 31. Kh2 Rd1 32. h4 d4 33. hxg5+ hxg5 34. f4 g4 35. Rd5 d3 36. Bh4+ Kg7 37. f5 Nf4 38. f6+ Kg6 39. Rg5+ Kxf6 40. Rxg4+ Kf5 41. Rg5+ Ke4 42. Rg4 f5 43. Rg8 d2 44. Re8+ Kd4 45. Bf6+ Kc4 46. Rd8 Nd5 47. Rc8+ Kd3 48. Rd8 Rh1+ 49. Kxh1 d1=Q+ 50. Kh2 Ke2 51. Bh4 Qd4 52. Bg3 f4 53. Bh4 Qe5 54. Rd7 f3+ 55. Bg3 Qh5+ 56. Kg1 Ne3 57. Ra7 Qd5 58. gxf3 Qd1+ 59. Kh2 Nf1+ 60. Kg2 Ne3+ 61. Kh2 Qd5 62. Rc7 Kxf3 63. Rg7 Ng4+ 64. Rxg4 Kxg4 0-1

[Event "RUS-ch Blitz Men 2018"]
[Site "Sochi"]
[Date "2018.10.07"]
[Round "20"]
[White "Jary, Sergey"]
[Black "Belyakov, Bogdan"]
[Result "0-1"]
[WhiteElo "2286"]
[BlackElo "2458"]
[Annotator "ChessBase"]
[PlyCount "86"]
[EventDate "2018.10.07"]
[EventType "swiss"]
[EventCountry "RUS"]
[SourceTitle "playchess.com"]
[Source "ChessBase"]
[SourceQuality "1"]

1. d4 Nf6 2. Nf3 g6 3. g3 Bg7 4. Bg2 O-O 5. O-O d6 6. c4 Nc6 7. Nc3 a6 8. e4 Bg4 9. Be3 Re8 10. Qd3 e5 11. d5 Bxf3 12. Bxf3 Nd4 13. Bg2 c6 14. dxc6 bxc6 15. Bxd4 exd4 16. Ne2 c5 17. Nf4 Rb8 18. b3 Bh6 19. Nd5 Nxd5 20. cxd5 a5 21. f4 a4 22. Rab1 axb3 23. Rxb3 Qa5 24. Rfb1 Rxb3 25. axb3 Bg7 26. h4 Rb8 27. Bf1 Qa2 28. Qd1 d3 29. Qxd3 c4 30. Qd1 cxb3 31. Bc4 Qa7+ 32. Kg2 b2 33. Qe2 Qd4 34. Bd3 Rb3 35. Rd1 Rxd3 36. Rxd3 b1=Q 37. Rxd4 Bxd4 38. Qd3 Qg1+ 39. Kf3 h5 40. e5 dxe5 41. fxe5 Qh1+ 42. Kf4 Qxd5 43. Qe2 Qe6 0-1

[Event "RUS-ch Blitz Men 2018"]
[Site "Sochi"]
[Date "2018.10.07"]
[Round "20"]
[White "Savitskiy, Sergey"]
[Black "Potapov, Pavel"]
[Result "1/2-1/2"]
[WhiteElo "2283"]
[BlackElo "2515"]
[Annotator "TA"]
[PlyCount "41"]
[EventDate "2018.10.07"]
[EventType "swiss"]
[EventCountry "RUS"]
[SourceTitle "playchess.com"]
[Source "ChessBase"]
[SourceQuality "1"]

1. e4 e5 2. Nf3 Nc6 3. d4 exd4 4. Nxd4 Nf6 5. Nc3 Bb4 6. Nxc6 bxc6 7. Bd3 O-O 8. O-O d5 9. exd5 cxd5 10. Bg5 c6 11. Qf3 Bd6 12. Rae1 Rb8 13. Nd1 h6 14. Bxf6 Qxf6 15. Qxf6 gxf6 16. b3 Be6 17. Ne3 Bb4 18. Rd1 Rfe8 19. Nf5 Bxf5 20. Bxf5 Re5 21. f4 1/2-1/2

[Event "RUS-ch Blitz Men 2018"]
[Site "Sochi"]
[Date "2018.10.07"]
[Round "20"]
[White "Ofitserian, Boris"]
[Black "Sharafiev, Azat"]
[Result "0-1"]
[WhiteElo "2274"]
[BlackElo "2432"]
[Annotator "NA"]
[PlyCount "68"]
[EventDate "2018.10.07"]
[EventType "swiss"]
[EventCountry "RUS"]
[SourceTitle "playchess.com"]
[Source "ChessBase"]
[SourceQuality "1"]

1. d4 e6 2. Nf3 c5 3. g3 cxd4 4. Nxd4 d5 5. Bg2 e5 6. Nb3 Be6 7. c4 Ne7 8. Nc3 e4 9. cxd5 Nxd5 10. Nxe4 Bb4+ 11. Bd2 Bxd2+ 12. Qxd2 Nc6 13. Nec5 Qb6 14. O-O Rd8 15. Qg5 O-O 16. Rfd1 f6 17. Qh4 Bf7 18. Bh3 Rfe8 19. e4 Ndb4 20. Qf4 Rxd1+ 21. Rxd1 Nxa2 22. Qe3 Ne5 23. Bf1 a5 24. Qe2 Bxb3 25. Nxb3 Qxb3 26. f4 Nf7 27. Rd7 Qb6+ 28. Kh1 Nb4 29. Qc4 Rf8 30. Bh3 Qc6 31. Qd4 Nc2 32. Qd3 Nb4 33. Qd2 Qxe4+ 34. Bg2 Qb1+ 0-1

[Event "RUS-ch Blitz Men 2018"]
[Site "Sochi"]
[Date "2018.10.07"]
[Round "20"]
[White "Linker, Mikhail"]
[Black "Tomashevsky, Evgeny"]
[Result "0-1"]
[WhiteElo "2269"]
[BlackElo "2705"]
[Annotator "TA"]
[PlyCount "68"]
[EventDate "2018.10.07"]
[EventType "swiss"]
[EventCountry "RUS"]
[SourceTitle "playchess.com"]
[Source "ChessBase"]
[SourceQuality "1"]

1. d4 d5 2. c4 c6 3. Nf3 Nf6 4. e3 Bg4 5. Nc3 e6 6. Qb3 Qb6 7. Bd3 Nbd7 8. Qxb6 axb6 9. O-O Bd6 10. e4 dxe4 11. Nxe4 Nxe4 12. Bxe4 Nf6 13. Bc2 Bxf3 14. gxf3 c5 15. Be3 Ke7 16. a3 Rhc8 17. Bd3 Rd8 18. Rad1 cxd4 19. Bxd4 Bxh2+ 20. Kxh2 Rxd4 21. Be2 Rxd1 22. Rxd1 Nd7 23. f4 Nc5 24. Bf3 Ra4 25. Kg2 Rxc4 26. b4 Nd7 27. Bxb7 Rxf4 28. Bc8 Ne5 29. Rb1 Rf3 30. Ra1 Rc3 31. Ba6 Nc6 32. Be2 Nd4 33. Bd1 Nc2 34. Ra2 Nxa3 0-1

[Event "RUS-ch Blitz Men 2018"]
[Site "Sochi"]
[Date "2018.10.07"]
[Round "20"]
[White "Kozak, Alexander"]
[Black "Dzhumagaliev, Yan"]
[Result "1/2-1/2"]
[WhiteElo "2262"]
[BlackElo "2410"]
[Annotator "TA"]
[PlyCount "145"]
[EventDate "2018.10.07"]
[EventType "swiss"]
[EventCountry "RUS"]
[SourceTitle "playchess.com"]
[Source "ChessBase"]
[SourceQuality "1"]

1. e4 c5 2. c3 d5 3. exd5 Qxd5 4. d4 Nc6 5. Nf3 Bg4 6. Be2 e6 7. h3 Bh5 8. O-O cxd4 9. cxd4 Nf6 10. Nc3 Qd6 11. Be3 Be7 12. a3 O-O 13. b4 Rac8 14. Rc1 Rfd8 15. Qb3 h6 16. Rfd1 Bf8 17. Na4 Qd5 18. Qxd5 Nxd5 19. Nc5 b6 20. Na6 Bd6 21. g4 Bg6 22. Bb5 Nce7 23. Bd2 f6 24. a4 Be4 25. Ne1 Kf7 26. a5 g5 27. f3 Bg6 28. Nd3 h5 29. Nf2 bxa5 30. bxa5 Ba3 31. Rxc8 Rxc8 32. Ne4 Bxe4 33. fxe4 Nc3 34. Bxc3 Rxc3 35. Rd3 Rc1+ 36. Kg2 Rc2+ 37. Kf1 Bd6 38. Rf3 Bf4 39. Nc5 f5 40. exf5 exf5 41. gxh5 Nd5 42. Ba4 Rc1+ 43. Kf2 Kf6 44. Nd3 Ra1 45. Nxf4 Nxf4 46. Bb3 Nxh5 47. Rc3 g4 48. hxg4 fxg4 49. Rc5 Nf4 50. Kg3 Ne2+ 51. Kxg4 Nxd4 52. Bd5 Ke5 53. Bf7+ Kf6 54. Bd5 Ke7 55. Be4 Ne6 56. Rb5 Kf6 57. Rf5+ Ke7 58. Rb5 Kd6 59. Rd5+ Ke7 60. Kf5 Nc7 61. Rc5 Kd6 62. Rc6+ Kd7 63. Rc5 Kd6 64. Rc6+ Kd7 65. Rc5 Na6 66. Rb5 Kd6 67. Rd5+ Kc7 68. Ke5 Rc1 69. Rb5 Rc5+ 70. Rxc5+ Nxc5 71. Bd5 Nb7 72. Bxb7 Kd8 73. Ke4 1/2-1/2